000
00318nam a2200121Ia 4500
008
241015s9999 xx 000 0 und d
041
_a
eng
082
_a
519 EIS
100
_a
H A Eiselt
245
_a
Nonlinear Optimization Methods And Applications
260
_b
Springer
_a
Switzerland
_c
2019
300
_a
366;. P. 23 cm
999
_c
41567
_d
41567